000 00349nam a2200145Ia 4500
100 _aKELLER/ ARTHUR M.
942 _cBK
654 _aProgramming Pascal
245 _aA first course in computer programming using Pascal
260 _bMcGraw Hill
_aNew York
_c1988
082 _a001.6424P
_bKEL
300 _a306
546 _aENGLISH
999 _c33700
_d33700